La aristocracia medieval: el dominio social en occidente siglos V-XV

Sparad:
Bibliografiska uppgifter
Huvudupphovsman: Morsel, Joseph (autor)
Materialtyp: Bok
Språk:spanska
Publicerad: Valencia Universidad de Valencia 2008
Serie:Historia
Ämnen:
Taggar: Lägg till en tagg
Inga taggar, Lägg till första taggen!

MARC

LEADER 00000nam a2200000 a 4500
001 UCH5688
003 CL-VaPUC
008 091015e20080000SP |||||||||||||||||spa|d
020 |a 97837066172 
082 0 4 |a 940.1  |b MOR  |2 21 
100 |a Morsel, Joseph  |e autor  |9 542011 
245 1 3 |a La aristocracia medieval: el dominio social en occidente siglos V-XV 
300 |a 400 p 
942 |c BK 
945 |d 20091015 00:00:00  |a rbrito 
260 |a Valencia  |b Universidad de Valencia  |c 2008 
650 0 |a Aristocracia  |9 356916 
650 0 |a Edad media  |9 258041 
650 0 |a Historia medieval   |9 258042 
650 0 |a Aristocracia  |9 356916 
650 0 |a Feudalismo  |9 313469 
650 7 |a MONARQUIA MEDIEVAL  |2 CL-VaPUC  |9 542012 
650 0 |a Caballeros y caballería   |9 266046 
583 |a last modification  |c 20091015 00:00:00  |k Rodrigo Vera 
490 0 |a Historia 
999 |c 336790  |d 336788 
952 |0 0  |1 0  |4 0  |6 940_100000000000000_MOR_2008  |7 0  |8 A  |9 428719  |a BIBHIS  |b BIBHIS  |d 2019-11-22  |i 4606841  |o 940.1 MOR 2008  |p 4606841  |r 2025-01-20  |w 2019-11-22  |y BK  |k HIS